000 00733nam a22002417a 4500
003 UA-OsUOA
001 72120
007 ta
008 20101224b un ||||| |||| 00| 0 ukr d
100 _aШефер И. А.
090 _a811.134.2
_bШ53
942 _cBK
040 _aUA-OsUOA
_brus
_cUA-OsUOA
_dUA-OsUOA
245 _aИспанський язык
_bИнтенсивный курс обучения устной речи
300 _a175 с.
955 _a2
041 _arus
080 _a811.134.2
020 _a5-06-002285-4
260 _aМ.
_bВысшая школа
_c1991
650 7 _a8 Мовознавство. Художня література. Літературознавство
_2UDC
999 _c358405
_d358405